| 000 | 01466nac a22003731i 4500 | ||
|---|---|---|---|
| 003 | EG-ScBUE | ||
| 005 | 20250306092619.0 | ||
| 008 | 100923s2001 enka f d 000 0 eng d | ||
| 020 | _a9780794500641 | ||
| 035 | _a(OCoLC)ocm49253050 | ||
| 040 |
_aEG-ScBUE _beng _erda _cEG-ScBUE _dEG-ScBUE |
||
| 082 | 0 | 4 |
_a503 _bUSB _222 |
| 100 | 1 |
_aStockley, Corinne, _eauthor. |
|
| 245 | 1 | 4 |
_aThe Usborne illustrated dictionary of science / _cCorinne Stockley, Chris Oxlade, and Jane Wertheim. |
| 264 | 1 |
_aLondon : _bUsborne, _c2001. |
|
| 300 |
_a382 pages : _bcolor illustrations ; _c25 cm |
||
| 336 |
_2rdacontent _atext _btxt |
||
| 337 |
_aunmediated _2rdamedia _bn |
||
| 338 |
_avolume _bnc _2rdacarrier |
||
| 500 | _a"A complete reference guide to physics, chemistry and biology, with recommended web sites"--Cover. | ||
| 500 | _aIncludes index. | ||
| 650 | 7 |
_aScience _vDictionaries, Juvenile. _2BUEsh _919858 |
|
| 650 | 7 |
_aPhysics _vDictionaries, Juvenile. _2BUEsh _919859 |
|
| 650 | 7 |
_aChemistry _vDictionaries, Juvenile. _2BUEsh _919860 |
|
| 650 | 7 |
_aBiology _vDictionaries, Juvenile. _2BUEsh _919861 |
|
| 650 | 7 |
_aScience _vDictionaries. _2BUEsh _919862 |
|
| 650 | 7 |
_aPhysics _vDictionaries. _2BUEsh _919863 |
|
| 650 | 7 |
_aChemistry _vDictionaries. _2BUEsh _919864 |
|
| 650 | 7 |
_aBiology _vDictionaries. _2BUEsh _919865 |
|
| 655 | _vReading book | ||
| 700 | 1 |
_aOxlade, Chris, _eauthor. _919856 |
|
| 700 | 1 |
_aWertheim, Jane _q(Guy), _d1957- _eauthor. _919857 |
|
| 942 |
_cREFERENCE _2ddc |
||
| 999 |
_c2704 _d2704 |
||